Decline of the muslim ummah (Record no. 298518)

000 -LEADER
fixed length control field 00297 a2200109 4500
001 - CONTROL NUMBER
control field 63445
082 ## - DEWEY DECIMAL CLASSIFICATION NUMBER
Classification number 297.1221 IQB
090 ## - LOCALLY ASSIGNED LC-TYPE CALL NUMBER (OCLC); LOCAL CALL NUMBER (RLIN)
-- 37505
-- 37505
100 ## - MAIN ENTRY--PERSONAL NAME
Personal name IQBAL S. HUSSAIN
245 ## - TITLE STATEMENT
Title Decline of the muslim ummah
260 ## - PUBLICATION, DISTRIBUTION, ETC.
Place of publication, distribution, etc. Lahore
Name of publisher, distributor, etc. Muslims in the 21st Century Sorrows & Sufferings
Date of publication, distribution, etc. 2004
942 ## - ADDED ENTRY ELEMENTS (KOHA)
Institution code [OBSOLETE] NUST-CAE
Call number prefix 297.1221 IQB
Holdings
Withdrawn status Lost status Damaged status Not for loan Collection code Permanent Location Current Location Date acquired Total Checkouts Full call number Barcode Date last seen Price effective from Koha item type
          College of Aeronautical Engineering (CAE) College of Aeronautical Engineering (CAE) 04/03/2017   297.1221 IQB CAEN-3230 04/05/2017 04/05/2017 Book
© 2023 Central Library, National University of Sciences and Technology. All Rights Reserved.